| 000 | 00453cam a2200157 i 4500 | ||
|---|---|---|---|
| 001 | 000019906 | ||
| 005 | 20200929170203.0 | ||
| 008 | 760513s1975 onc 000 1 eng | ||
| 020 | _a0771064330 | ||
| 040 |
_aDO-SdBNP _cspa _dBNPHU |
||
| 082 |
_axxx _bM821g |
||
| 100 | 1 |
_aMoore, Brian, _d1921-1999. _942462 |
|
| 245 | 1 | 4 |
_aThe Great Victorian Collection / _cBrian Moore. |
| 260 |
_aToronto : _bMcClelland and Stewart, _c1975. |
||
| 300 |
_a213 p. ; _c21 cm. |
||
| 999 |
_c19419 _d19419 |
||